France au Concours Eurovision de la Chanson - Statistiques

Statistiques générales
  • Ce quiz a été pris 419 fois
    134 depuis la dernière actualisation
  • Le résultat moyen est 12 sur 16
Statistiques - réponses
Questions Réponses % Correct
Combien de fois a-t-elle gagné l'Eurovision ? 5
98%
Combien de fois la France a-t-elle terminé à la dernière place ? 1 (en 2014)
95%
Qui a représenté la France au concours en 2024 ? Slimane
94%
Combien de fois s'est-elle retirée du concours ? 2 (une fois pour la mort de Georges Pompidou, et une autre fois par volonté de TF1)
93%
Pour la dernière fois en quelle année ? 1977
90%
Combien de fois une chanson de la France a été complètement chantée dans une autre langue ? 3 (en breton et en corse)
90%
Avec quelle chanson et/ou interprète ? L'oiseau et l'enfant / Marie Myriam
90%
Depuis quelle année la France participe-t-elle au concours ? 1956
89%
Depuis 2010, quel interprète a obtenu la plus haute place ? Barbara Pravi (en 2021)
86%
Quel présentateur commente l'Eurovision tous les ans depuis 2015 ? Stéphane Bern
86%
Combien de chansons participant à l'Eurovision (tous pays confondus) ont été composées par Serge Gainsbourg ? 3 (une pour Luxembourg, une pour Monaco, et une pour la France)
84%
De quel groupe de pays la France fait-elle partie au concours ? Big 5
72%
A quel pays la France a-t-elle donné le plus de points en finale depuis 1975 ? Israël
55%
La France est le premier pays ayant mis en place 2 présentateurs du concours en même temps. En quelle année ? 1978
50%
Qui a été le premier vainqueur français de l'Eurovision en 1958 ? André Claveau
42%
Qui étaient ces deux présentateurs ? Denise Fabre et Léon Zitrone
9%
Aucun quiz correspondant
Distribution des résultats
% des personnes avec chaque résultat
Percentile par nombre de réponses
Votre historique - résultats
Vous n’avez pas pris ce quiz depuis la dernière actualisation